The sucess manual for general chemistry

שמור ב:
מידע ביבליוגרפי
מחבר ראשי: Elizabeth Kean
פורמט: ספר
שפה:Undetermined
יצא לאור: New York Random House 1986
נושאים:
תגים: הוספת תג
אין תגיות, היה/י הראשונ/ה לתייג את הרשומה!
Thư viện lưu trữ: Trung tâm Học liệu Trường Đại học Cần Thơ
LEADER 00471nam a2200181Ia 4500
001 CTU_2937
008 210402s9999 xx 000 0 und d
082 |a 540 
082 |b K24 
100 |a Elizabeth Kean 
245 4 |a The sucess manual for general chemistry 
245 0 |c Elizabeth Kean 
260 |a New York 
260 |b Random House 
260 |c 1986 
650 |a chemistry 
904 |i Minh, 960831 
980 |a Trung tâm Học liệu Trường Đại học Cần Thơ